(Yarı) başkanlık sistemi ve Türkiye : (Record no. 13567)

MARC details
000 -BAŞLIK
Sabit Uzunlukta Kontrol Alanı 00995nam a22002657a 4500
999 ## - SİSTEM KONTROL NUMARALARI (KOHA)
Koha Biblionumber 13567
Koha Biblioitemnumber 13567
003 - KONTROL NUMARASI IDENTIFIER
Denetim Alanı MIRAKIL
005 - SON İŞLEM TARİHİ VE ZAMANI
Denetim Alanı 20211214000616.0
008 - SABİT-BOY VERİ ELEMANLARI - GENEL BİLGİLER
Sabit Uzunlukta Kontrol Alanı 191023b tu ||||| |||| 00| 0 tur d
020 ## - ULUSLARARASI STANDART KİTAP NUMARASI
Uluslararası Standart Kitap Numarası 9786054511952
040 ## - KATALOGLAMA KAYNAK
Orijinal Kataloglama Ajansı TR-AnCHP
Kataloglama Dili tur
Metne Dönüştürmek Ajansı TR-AnCHP
041 ## - DİL KODU
Metin / Ses Parça Veya Ayrı Başlığın Dil Kodu tur
082 ## - DEWEY ONLU SINIFLANDIRMA NUMARASI
Sınıflandırma Numarası 321.8042
Ürün Numarası Y26 2014
245 ## - BAŞLIK TABLOSU
Başlık (Yarı) başkanlık sistemi ve Türkiye :
Başlığın Kalan ülkeler, deneyimler ve karşılaştırmalı analiz /
Sorumluluk Tablosu, Vb derleyen: İhsan Kamalak.
246 ## - UNVAN FORM VARYING
Başlık Doğru / Kısa Başlığı ülkeler, deneyimler ve karşılaştırmalı analiz
260 ## - YAYIN, DAĞITIM, VB
Yayın, Dağıtım, Vb Yeri İstanbul:
Yayıncı, Dağıtıcı, Vs Adı Kalkedon yayınları,
Yayın, Dağıtım, Vb Tarihi 2014.
300 ## - FİZİKSEL TANIM
Kapsam 446 s.:
Boyutlar 21 sm.
490 0# - SERİSİ TABLOSU
Seri Beyanı Kalkedon yayıncılık;
-- Sodev Kitaplığı;
Hacim / Ardışık Tanımı 256.
-- 13.
504 ## - KAYNAKÇA VB NOT
Kaynakça Vb Notu Kaynakça bölüm sonlarındadır.
650 #0 - KONU KATMA GİRİŞ - TOPİKAL DÖNEM
Topikal Süreli Veya Coğrafi Ad Giriş Elemanı Siyaset ve yönetim
Genel Alt Bölümü Türkiye
9 (RLIN) 9
650 #0 - KONU KATMA GİRİŞ - TOPİKAL DÖNEM
Topikal Süreli Veya Coğrafi Ad Giriş Elemanı Başkanlık sistemi
Genel Alt Bölümü Türkiye
9 (RLIN) 5119
650 #0 - KONU KATMA GİRİŞ - TOPİKAL DÖNEM
Topikal Süreli Veya Coğrafi Ad Giriş Elemanı Hükümet Sistemleri
Genel Alt Bölümü Türkiye
9 (RLIN) 6065
700 ## - KATMA GİRİŞ - KİŞİSEL İSİM
9 (RLIN) 6066
Kişisel Ad Kamalak, İhsan
Relator Terim der.
740 ## - KATMA GİRİŞ - KONTROLSUZ İLGİLİ / ANALİTİK BAŞLIK
Kontrol Edilmeyen / İlgili Analitik Başlıktaki ülkeler, deneyimler ve karşılaştırmalı analiz
942 ## - EKLENDİ GİRİŞ ELEMANLARI (KOHA)
Sınıflandırma Veya Raf Düzeni Kaynak Dewey Decimal Classification
Koha Öğesi Türü Books
Holdings
Kalıcı Konum Mevcut Konum Edinme Tarihi Toplam Check-Out'Lar Tam Çağrı Numarası Barkod Tarih Son Görülme İtibaren Geçerli Fiyatlar Koha Öğesi Türü
CHP Kütüphanesi CHP Kütüphanesi 10/23/2019   321.8042 Y26 2014 011834 10/23/2019 10/23/2019 Books
CHP Kütüphanesi CHP Kütüphanesi 03/15/2022   321.8042 Y26 2014 020356 03/15/2022 03/15/2022 Books